Central Library OPAC University of Rajshahi

Forest trees of Australia / (Record no. 72671)

MARC details
000 -LEADER
fixed length control field 01073nam a2200301 a 4500
001 - CONTROL NUMBER
control field 72671
003 - CONTROL NUMBER IDENTIFIER
rucl marc code BD-RjUL
005 - DATE AND TIME OF LATEST TRANSACTION
control field 20211209082309.0
008 - FIXED-LENGTH DATA ELEMENTS--GENERAL INFORMATION
fixed length control field 170522s1970 at a b 001 0 eng
020 ## - INTERNATIONAL STANDARD BOOK NUMBER
International Standard Book Number 0642984808
035 ## - SYSTEM CONTROL NUMBER
System control number (BD-RjUL)72889
040 ## - CATALOGING SOURCE
Original cataloging agency DLC
Transcribing agency DLC
Modifying agency BD-RjUL
Language of cataloging eng
041 ## - LANGUAGE CODE
Language code of text/sound track or separate title eng
082 00 - DEWEY DECIMAL CLASSIFICATION NUMBER
Edition number 23
Classification number 582.160994
Author mark and year HAF 1970
100 1# - MAIN ENTRY--PERSONAL NAME
Personal name Hall, Norman.
Dates associated with a name 1906-
9 (RLIN) 214957
245 10 - TITLE STATEMENT
Title Forest trees of Australia /
Statement of responsibility, etc. [by] N. Hall, R. D. Johnston [and] G. M. Chippendale.
250 ## - EDITION STATEMENT
Edition statement 3rd rev. enl. ed.
260 ## - PUBLICATION, DISTRIBUTION, ETC. (IMPRINT)
Place of publication, distribution, etc. Canberra :
Name of publisher, distributor, etc. Australian Government Publishing Service,
Date of publication, distribution, etc. 1970.
300 ## - PHYSICAL DESCRIPTION
Pagination xiv, 333 p. :
Illustrations ill. ;
Size 26 cm.
500 ## - GENERAL NOTE
General note At head of title: Department of National Development. Forestry and Timber Bureau.
504 ## - BIBLIOGRAPHY, ETC. NOTE
Bibliography, etc Includes bibliography: (p. 307-308) and indexes.
650 #0 - SUBJECT ADDED ENTRY--TOPICAL TERM
Topical term or geographic name as entry element Trees
Geographic subdivision Australia.
9 (RLIN) 214958
Topical term or geographic name as entry element Forest plants
Geographic subdivision Australia.
9 (RLIN) 214959
700 1# - ADDED ENTRY--PERSONAL NAME
Personal name Johnston, R. D.,
Relator term joint author.
Personal name Chippendale, George McCartney,
Relator term joint author.
942 ## - ADDED ENTRY ELEMENTS (KOHA)
Source of classification or shelving scheme Dewey Decimal Classification
Koha item type Books
Holdings
Lost status Source of classification or shelving scheme Damaged status Not for loan Collection code Permanent Location Current Location Shelving location Date acquired Source of acquisition Cost, normal purchase price Total Checkouts Full call number Date last seen Copy number Koha item type
  Dewey Decimal Classification   Not For Loan Non-fiction Central Library, University of Rajshahi Central Library, University of Rajshahi Reading Room 15/09/1973 Gov. Of Australia 0.00   582.160994 HAF 1970 22/05/2017 C-1 Books